Central Library and Information Centre
Sibsagar Girls' College, Sivasagar : Assam

AN INTRODUCTION TO STATISTICAL METHODS (Record no. 6878)

MARC details
000 -LEADER
fixed length control field 00415cam a2200169ua 4500
008 - FIXED-LENGTH DATA ELEMENTS--GENERAL INFORMATION
fixed length control field 110812n1981 II |||gr||||Z||||||eng
040 ## - CATALOGING SOURCE
Original cataloging agency MAIN
041 ## - LANGUAGE CODE
-- English
082 ## - DEWEY DECIMAL CLASSIFICATION NUMBER
Classification number 330.021 GUP
100 ## - MAIN ENTRY--PERSONAL NAME
Personal name GUPTA , C.B .
245 ## - TITLE STATEMENT
Title AN INTRODUCTION TO STATISTICAL METHODS
260 ## - PUBLICATION, DISTRIBUTION, ETC.
Place of publication, distribution, etc. NEW DELHI
Name of publisher, distributor, etc. VIKASH PUBLISHING HOUSE
Date of publication, distribution, etc. 1981
300 ## - PHYSICAL DESCRIPTION
Extent 119.
942 ## - ADDED ENTRY ELEMENTS (KOHA)
Koha item type Books
653 ## - INDEX TERM--UNCONTROLLED
Uncontrolled term Statistical Economics
Holdings
Withdrawn status Lost status Damaged status Not for loan Home library Current library Shelving location Date acquired Total Checkouts Full call number Barcode Date last seen Copy number Price effective from Koha item type
        Central Library and Information Centre Sibsagar Girls College Central Library and Information Centre Sibsagar Girls College Economics Rack 27.02.2020   330.021 GUP 06153 27.02.2020 1 27.02.2020 Books


Sibsagar Girl's College © 2020. All rights reserved.
Powered by Koha.
Maintained by Abhijit Borpuzari.